<?xml version="1.0" encoding="UTF-8"?>
<record
    xmlns:xsi="http://www.w3.org/2001/XMLSchema-instance"
    xsi:schemaLocation="http://www.loc.gov/MARC21/slim http://www.loc.gov/standards/marcxml/schema/MARC21slim.xsd"
    xmlns="http://www.loc.gov/MARC21/slim">

  <leader>00863nas a2200289 i 4500</leader>
  <controlfield tag="001">851</controlfield>
  <controlfield tag="003">ES-MaACL</controlfield>
  <controlfield tag="005">20250814011826.0</controlfield>
  <controlfield tag="007">t|</controlfield>
  <controlfield tag="008">950801c1947    xxu |         |  1 ||ng d</controlfield>
  <datafield tag="022" ind1=" " ind2=" ">
    <subfield code="a">0014-3820</subfield>
  </datafield>
  <datafield tag="080" ind1=" " ind2=" ">
    <subfield code="a">(73)</subfield>
  </datafield>
  <datafield tag="080" ind1=" " ind2=" ">
    <subfield code="a">57</subfield>
  </datafield>
  <datafield tag="245" ind1="0" ind2="0">
    <subfield code="a">Evolution </subfield>
    <subfield code="b">: international journal of organic evolution.</subfield>
  </datafield>
  <datafield tag="260" ind1=" " ind2=" ">
    <subfield code="a">Lawrence, Kansas : </subfield>
    <subfield code="b">Society for the Study of Evolution, </subfield>
    <subfield code="c">1947-</subfield>
  </datafield>
  <datafield tag="300" ind1=" " ind2=" ">
    <subfield code="a">23 v. ; </subfield>
    <subfield code="c">26 cm.</subfield>
  </datafield>
  <datafield tag="310" ind1=" " ind2=" ">
    <subfield code="a">Mensual, </subfield>
    <subfield code="b">2001-</subfield>
  </datafield>
  <datafield tag="321" ind1=" " ind2=" ">
    <subfield code="a">Bimestral, </subfield>
    <subfield code="b">1992-2000</subfield>
  </datafield>
  <datafield tag="321" ind1=" " ind2=" ">
    <subfield code="a">8 veces al a&#xF1;o, </subfield>
    <subfield code="b">hasta 1991</subfield>
  </datafield>
  <datafield tag="362" ind1="0" ind2=" ">
    <subfield code="a">1947-</subfield>
  </datafield>
  <datafield tag="500" ind1=" " ind2=" ">
    <subfield code="a">Descripci&#xF3;n basada en : n. 1, v. 44.</subfield>
  </datafield>
  <datafield tag="650" ind1="1" ind2="7">
    <subfield code="a">Biolog&#xED;a</subfield>
    <subfield code="2">embne</subfield>
    <subfield code="9">10580</subfield>
  </datafield>
  <datafield tag="710" ind1="2" ind2=" ">
    <subfield code="a">Society for the Study of Evolution.</subfield>
    <subfield code="9">6869</subfield>
  </datafield>
  <datafield tag="852" ind1=" " ind2=" ">
    <subfield code="a">ES-MaACL</subfield>
    <subfield code="j">HEM-H-406 </subfield>
    <subfield code="x">Hem-1858 </subfield>
    <subfield code="d"></subfield>
  </datafield>
  <datafield tag="866" ind1=" " ind2="0">
    <subfield code="o">1990-2000(2001 f. n 12)2002-2005.</subfield>
  </datafield>
  <datafield tag="999" ind1=" " ind2=" ">
    <subfield code="c">851</subfield>
    <subfield code="d">851</subfield>
  </datafield>
  <datafield tag="952" ind1=" " ind2=" ">
    <subfield code="0">0</subfield>
    <subfield code="1">0</subfield>
    <subfield code="4">0</subfield>
    <subfield code="7">0</subfield>
    <subfield code="8">Hemeroteca</subfield>
    <subfield code="a">ATENEOM</subfield>
    <subfield code="b">ATENEOM</subfield>
    <subfield code="c">HEM</subfield>
    <subfield code="d">2008-01-17</subfield>
    <subfield code="e">SC</subfield>
    <subfield code="l">0</subfield>
    <subfield code="o">HEM-H-406</subfield>
    <subfield code="p">1000866</subfield>
    <subfield code="r">2023-02-23 00:00:00</subfield>
    <subfield code="w">2023-02-23</subfield>
    <subfield code="y">PERIODICA</subfield>
  </datafield>
</record>
